Financial accounting / (Record no. 10904)
[ view plain ]
| 000 -LEADER | |
|---|---|
| fixed length control field | 01580cam a2200349 i 4500 |
| 001 - CONTROL NUMBER | |
| control field | 17916443 |
| 003 - CONTROL NUMBER IDENTIFIER | |
| control field | MUT |
| 005 - DATE AND TIME OF LATEST TRANSACTION | |
| control field | 20240606081146.0 |
| 008 - FIXED-LENGTH DATA ELEMENTS--GENERAL INFORMATION | |
| fixed length control field | 131024s2015 mau 001 0 eng |
| 010 ## - LIBRARY OF CONGRESS CONTROL NUMBER | |
| LC control number | 2013042426 |
| 020 ## - INTERNATIONAL STANDARD BOOK NUMBER | |
| International Standard Book Number | 9780131384330 |
| 040 ## - CATALOGING SOURCE | |
| Original cataloging agency | DLC |
| Language of cataloging | eng |
| Transcribing agency | MUT |
| Description conventions | rda |
| Modifying agency | DLC |
| 042 ## - AUTHENTICATION CODE | |
| Authentication code | pcc |
| 050 00 - LIBRARY OF CONGRESS CALL NUMBER | |
| Classification number | HF 5636 |
| Item number | .H37 2012 |
| 082 00 - DEWEY DECIMAL CLASSIFICATION NUMBER | |
| Classification number | 657 |
| Edition information | 23 |
| 100 1# - MAIN ENTRY--PERSONAL NAME | |
| Personal name | Harrison, Walter T. |
| 245 10 - TITLE STATEMENT | |
| Title | Financial accounting / |
| 250 ## - EDITION STATEMENT | |
| Edition statement | 4th Canadian ed. |
| 264 #1 - PRODUCTION, PUBLICATION, DISTRIBUTION, MANUFACTURE, AND COPYRIGHT NOTICE | |
| Place of production, publication, distribution, manufacture | Toronto : |
| Name of producer, publisher, distributor, manufacturer | Pearson, |
| Date of production, publication, distribution, manufacture, or copyright notice | [2012] |
| 300 ## - PHYSICAL DESCRIPTION | |
| Extent | xxvi, 885 pages ; |
| Dimensions | 29 cm |
| 336 ## - CONTENT TYPE | |
| Content type term | text |
| Source | rdacontent |
| 337 ## - MEDIA TYPE | |
| Media type term | unmediated |
| Source | rdamedia |
| 338 ## - CARRIER TYPE | |
| Carrier type term | volume |
| Source | rdacarrier |
| 500 ## - GENERAL NOTE | |
| General note | Includes indexes. |
| 505 0# - FORMATTED CONTENTS NOTE | |
| Formatted contents note | The financial statements -- Transaction analysis -- Accrual accounting & income -- Internal control & cash -- Short-term investments & receivables -- Inventory & cost of goods sold -- Plant assets, natural resources & intangibles -- Long-term investments & the time value of money -- Liabilities -- Stockholders' equity -- The income statement, the statement of comprehensive income & the statement -- Of stockholders' equity -- The statement of cash flows -- Financial statement analysis. |
| 650 #0 - SUBJECT ADDED ENTRY--TOPICAL TERM | |
| Topical term or geographic name entry element | Accounting. |
| 700 1# - ADDED ENTRY--PERSONAL NAME | |
| Personal name | Horngren, Charles T., |
| Dates associated with a name | 1926- |
| 700 1# - ADDED ENTRY--PERSONAL NAME | |
| Personal name | Thomas, C. William. |
| 906 ## - LOCAL DATA ELEMENT F, LDF (RLIN) | |
| a | 7 |
| b | cbc |
| c | orignew |
| d | 1 |
| e | ecip |
| f | 20 |
| g | y-gencatlg |
| 942 ## - ADDED ENTRY ELEMENTS (KOHA) | |
| Source of classification or shelving scheme | Library of Congress Classification |
| Koha item type | Books |
| Withdrawn status | Lost status | Source of classification or shelving scheme | Damaged status | Not for loan | Home library | Current library | Date acquired | Source of acquisition | Total checkouts | Full call number | Barcode | Date last seen | Price effective from | Koha item type | Shelving location | Date last checked out |
|---|---|---|---|---|---|---|---|---|---|---|---|---|---|---|---|---|
| Library of Congress Classification | Murang'a University of Technology Library | Murang'a University of Technology Library | 06/07/2017 | Donation-BFA | HF5636 .F545 H37 2012 | 010882 | 06/07/2017 | 06/07/2017 | Books | |||||||
| Library of Congress Classification | Murang'a University of Technology Library | Murang'a University of Technology Library | 10/10/2017 | Donation-TFC | 2 | HF 5636 .F545 H37 2012 | 015300 | 30/08/2024 | 10/10/2017 | Books | General stacks | 07/10/2019 | ||||
| Library of Congress Classification | Murang'a University of Technology Library | Murang'a University of Technology Library | 24/01/2018 | Donation-TFC | HF5636 .H37 2012 | 018183 | 24/01/2018 | 24/01/2018 | Books | General stacks | ||||||
| Library of Congress Classification | Murang'a University of Technology Library | Murang'a University of Technology Library | 12/06/2018 | Donation-TFC | HF 5636 .H37 2012 | 022175 | 12/06/2018 | 12/06/2018 | Books | General stacks |